| 000 | 00524nam a22001817a 4500 | ||
|---|---|---|---|
| 999 |
_c40617 _d40617 |
||
| 003 | OSt | ||
| 005 | 20210122152920.0 | ||
| 008 | 191015b ||||| |||| 00| 0 eng d | ||
| 020 | _a9781524710774 | ||
| 040 | _coclc | ||
| 082 |
_a448.0076 _bLIT/C |
||
| 100 |
_aLitt, Sarah _98385 |
||
| 245 |
_aCracking the SAT Subject Test French / _cSarah Litt |
||
| 250 | _a16th Ed. | ||
| 260 |
_aNewyork: _bPenguin Random House, _c2017. |
||
| 300 | _a244p | ||
| 942 |
_2ddc _cREF _h448.0076 _iLIT/C _k448.0076 _mLIT/C |
||